000 00956nam a2200265 4500
999 _c4803
_d4803
003 OSt
005 20200206082855.0
008 060220s2005 maua i 00 eng d
020 0 0 _a9781591397755
_apaperback
_cRM112.00
040 _aAKMAL
082 0 4 _a658.406 COH
_22 22
090 0 0 _a658.406
_bCOH
100 1 _aCohen, Dan S.
_99154
245 1 4 _aThe heart of change field guide:
_btools and tactics for leading change in your organizations/
_cDan S.Cohen, John P Kotter
250 0 0 _a5th ed
260 _aBoston, Mass :
_bHarvard Business School Press,
_c2005
300 _axiv, 239p. :
_bcolour illustrations. ;
_c24cm.
500 _aIncludes index
599 _aDALAM PROSES
650 0 0 _aOrganizational change
_9567
942 _2ddc
_cBOOK